Die 25 größten Städte Europas durch Flaggen - Statistiken

Allgemein
  • Dieses Quiz wurde 82 mal gespielt
  • Das Durchschnittsergebnis liegt bei 9 aus 25
Antwortstatistiken
Bildquiz Antwort % Korrekt
Berlin
96%
Istanbul
89%
Hamburg
78%
London
74%
Moskau
57%
Bukarest
46%
Paris
42%
Barcelona
41%
Madrid
38%
Rom
36%
München
31%
Kiew
24%
Wien
24%
Budapest
23%
Sankt Petersburg
22%
Belgrad
18%
Mailand
18%
Minsk
18%
Prag
16%
Warschau
15%
Kasan
14%
Samara
14%
Charkiw
8%
Sofia
8%
Nischni Nowgorod
7%
Keine übereinstimmenden Quizze gefunden
Verteilung der Resultate
Anzahl Personen mit jedem Resultat
Perzentil nach korrekt beantworteten Fragen
Ihre Resultats-Entwicklung
Sie haben dieses Quiz noch nicht gespielt